LXXV aniversari de la mort i centenari de l'Atlàntida: Troballa de les tres últimes obres de mossèn Cinto Verdaguer / per Josefina Guilleumas, Directora de la Biblioteca de Catalunya Troballa de les tres últimes obres de mossèn Cinto Verdaguer / per Josefina Guilleumas, Directora de la Biblioteca de Catalunya
Publicado:
San Jorge, núm. 100 (abril 1977), pàg 4 - 17 :
MARC
| LEADER | 00000nam a2200000Ia 4500 | ||
|---|---|---|---|
| 001 | |||
| 008 | 160829s9999 xx 000 0 cat d | ||
| 100 | 1 | |a Guilleumas, Rosalia, |d 1924-2007 |9 29214 | |
| 245 | |a LXXV aniversari de la mort i centenari de l'Atlàntida: |b Troballa de les tres últimes obres de mossèn Cinto Verdaguer / per Josefina Guilleumas, Directora de la Biblioteca de Catalunya | ||
| 260 | |a San Jorge, núm. 100 (abril 1977), pàg 4 - 17 | ||
| 600 | 1 | 0 | |a Verdaguer, Jacint, |d 1845-1902. |t Atlàntida |x Crítica i interpretació |9 55236 |
| 600 | 1 | 0 | |a Verdaguer, Jacint, |d 1845-1902. |t Atlàntida |9 54736 |
| 901 | |a Arxiu | ||
| 942 | |n 1 | ||
| 952 | |0 0 |1 0 |4 0 |7 1 |9 52150 |a Arxiu |b Arxiu |d 2016-12-01 |l 0 |r 2016-12-01 00:00:00 |w 2016-12-01 |y ARXIU | ||
| 999 | |c 55998 |d 55998 | ||